Computational fluid dynamics in drinking water treatment /

Bibliographic Details
Corporate Author: KWR Watercycle Research Institute
Other Authors: Wols, Bas
Format: Book
Language:English
Published: London ; New York : IWA Publishing, 2012.
Series:KWR Watercycle Research Institute series.
Subjects:

MARC

Tag First Indicator Second Indicator Subfields
LEADER 00000cam a2200000 a 4500
001 in00002777098
005 20151202171346.0
008 111121s2012 enka b 000 0 eng d
020 |a 9781780400310 (pbk.) 
020 |a 1780400314 (pbk.) 
035 |a (OCoLC)ocn779861594 
040 |a UKM  |c UKM  |d CUV  |d YDX  |d MUU  |d TXA  |d UtOrBLW 
049 |a TXAM 
082 0 |a 628.1620153205  |2 23 
090 |a TD433  |b .C65 2012 
245 0 0 |a Computational fluid dynamics in drinking water treatment /  |c edited by Bas Wols. 
264 1 |a London ;  |a New York :  |b IWA Publishing,  |c 2012. 
300 |a xii, 147 pages :  |b illustrations ;  |c 25 cm. 
336 |a text  |b txt  |2 rdacontent 
337 |a unmediated  |b n  |2 rdamedia 
338 |a volume  |b nc  |2 rdacarrier 
490 1 |a KWR Watercycle Research Institute series 
504 |a Includes bibliographical references. 
505 0 |a 1. Introduction -- 2. Modelling tools for flow, mixing and reaction -- 3. Particle tracking -- 4. Ozone systems -- 5. Single cross-flow UV lamp systems -- 6. UV systems -- 7. General conclusions. 
650 0 |a Water  |x Purification. 
650 0 |a Water-supply engineering. 
650 0 |a Hydraulic engineering. 
650 0 |a Fluid dynamics. 
650 0 |a Computational fluid dynamics. 
700 1 |a Wols, Bas. 
710 2 |a KWR Watercycle Research Institute. 
830 0 |a KWR Watercycle Research Institute series. 
945 |a PromptCat 
948 |a cataloged  |b h  |c 2012/6/15  |d c  |e dmitchel  |f 2:44:16 pm 
994 |a C0  |b TXA 
999 |a MARS 
999 f f |s d3d4f195-abaa-387c-8da6-55eb16bb9cac  |i ae910e14-3edb-3fbd-abf3-5b2110ac1e74  |t 0 
952 f f |p normal  |a Texas A&M University  |b College Station  |c Sterling C. Evans Library  |d Evans: Library Stacks  |t 0  |e TD433 .C65 2012  |h Library of Congress classification  |i unmediated -- volume  |m A14840496141 
998 f f |a TD433 .C65 2012  |t 0  |l Evans: Library Stacks